000 00939nam a2200277 a 4500
001 000023934
003 DO-SdBNP
005 20230207133152.0
007 ta
008 110117s2010 dr a c 000 0 spa d
020 _a9789945460735
040 _aDO-SdBNP
_bspa
_cBNPHU
082 _a027.4
_bD946b
_222
100 1 _aDuque Bernal, María del Socorro
_949239
245 1 3 _aLa biblioteca Pública :
_bun espacio de encuentro con la comunidad /
_cMaría del Socorro Duque Bernal.
260 _aSanto Domingo :
_bSantuario,
_c2010.
300 _a63 p. :
_bil. ;
_c21 cm.
500 _aIncluye datos biográficos de la autora en las solapas
504 _aIncluye referencias bibliográficas y notas al pie de las páginas
504 _aBibliografía : p. 61-63
590 _aInventariado, 2023 / DG
650 4 _aBibliotecas públicas
_943212
650 4 _aAdministración de bibliotecas
_948383
910 _aDG
942 _2ddc
_cLBS1
999 _c23430
_d23430